00504nam a2200181 a 4500001001300000003000900013005001700022008004100039020002300080082001900103100002800122245004800150260003700198300000900235500003500244650001500279700002800294nice12345678IN_TiNIC20260116014521.0100111s2009 newa grp 000 0 eng  a8124605270 c19000a294.59218bPUL aPuligandla, Ramakrishna aThat Thou Artb The Wisdim of the Upanisads aNew Delhi bDk Printworld c2009 a146p aincludes index and biblioraphy aUpanishads1 aPuligandla, Ramakrishna